Loading...
| Fine Arts - Classical Music | 3 | 10.00 | 100% | 0% | 0% |
| Fine Arts - Other | 2 | 15.00 | 100% | 0% | 50% |
| Fine Arts - Visual | 3 | 20.00 | 100% | 67% | 33% |
| Geography/Current Events | 2 | 15.00 | 100% | 50% | 0% |
| History - American | 4 | 17.50 | 100% | 50% | 25% |
| History - European | 2 | 10.00 | 100% | 0% | 0% |
| History - Other | 4 | 10.00 | 100% | 0% | 0% |
| History - World | 4 | 12.50 | 100% | 25% | 0% |
| Literature - American | 4 | 12.50 | 100% | 25% | 0% |
| Literature - British | 2 | 5.00 | 50% | 0% | 0% |
| Literature - European | 5 | 14.00 | 100% | 40% | 0% |
| Literature - World/Other | 3 | 10.00 | 67% | 33% | 0% |
| Mythology | 3 | 13.33 | 100% | 33% | 0% |
| Other Academic | 2 | 20.00 | 100% | 100% | 0% |
| Philosophy | 3 | 6.67 | 67% | 0% | 0% |
| Religion | 1 | 10.00 | 100% | 0% | 0% |
| Science - Biology | 2 | 10.00 | 100% | 0% | 0% |
| Science - Chemistry | 4 | 12.50 | 100% | 25% | 0% |
| Science - Other | 2 | 10.00 | 100% | 0% | 0% |
| Science - Physics | 2 | 5.00 | 50% | 0% | 0% |
| Social Science | 3 | 13.33 | 100% | 33% | 0% |